000 00401nam a2200145Ia 4500
005 20250729165729.0
008 250729s2008 xx 000 0 und d
041 _aeng
082 _a371.333 SHUE
100 _aC S Shukla
_9231601
245 _aEssential of Educational Technology and Management
260 _aNewdelhi
_bDanpat Rai Publication
_c2008
300 _a361p
650 _aTechnology
_9231602
999 _c239363
_d239363